| Tag |
First Indicator |
Second Indicator |
Subfields |
| LEADER |
00000cam a2200000 4500 |
| 001 |
in00000039408 |
| 005 |
20151007081715.0 |
| 008 |
720815s1960 eng u |
| 010 |
|
|
|a 60008561
|
| 035 |
|
|
|a (OCoLC)00382744
|
| 035 |
|
|
|9 AAF6799AM
|
| 040 |
|
|
|c WSU
|d OCL
|d TXA
|d UtOrBLW
|
| 049 |
|
|
|a TXAM
|c [327583]
|
| 050 |
|
0 |
|a BL1840
|b .W7
|
| 092 |
|
|
|a 299.51
|b W947c
|
| 100 |
1 |
|
|a Wright, Arthur F.,
|d 1913-1976.
|
| 245 |
1 |
4 |
|a The Confucian persuasion.
|
| 264 |
|
1 |
|a Stanford, Calif. :
|b Stanford University Press,
|c 1960.
|
| 300 |
|
|
|a 390 pages
|
| 336 |
|
|
|a text
|b txt
|2 rdacontent
|
| 337 |
|
|
|a unmediated
|b n
|2 rdamedia
|
| 338 |
|
|
|a volume
|b nc
|2 rdacarrier
|
| 490 |
1 |
|
|a Stanford studies in the civilizations of eastern Asia
|
| 504 |
|
|
|a Bibliographical references included in "Note" (pages [313]-375).
|
| 650 |
|
0 |
|a Confucianism.
|
| 651 |
|
0 |
|a China
|x Civilization.
|
| 830 |
|
0 |
|a Stanford studies in the civilizations of eastern Asia.
|
| 999 |
|
|
|a MARS
|
| 999 |
f |
f |
|s 8489f33e-8f30-3bdd-a4c5-a90ff06edd95
|i 9b55bc33-4914-3fe0-99d8-7a0ce1b70ad6
|t 0
|
| 952 |
f |
f |
|p normal
|a Texas A&M University
|b College Station
|c Sterling C. Evans Library
|d Evans: Library Stacks
|t 0
|e BL1840 .W7
|h Library of Congress classification
|i unmediated -- volume
|m A14800631280
|
| 998 |
f |
f |
|a BL1840 .W7
|t 0
|l Evans: Library Stacks
|